| 000 | 01497nam2a22002531 4500 | ||
|---|---|---|---|
| 001 | RU\NLR\INFOCOMM7\1000078379 | ||
| 005 | 20250617011639.0 | ||
| 035 | _a(NLR Aleph) 002338418 | ||
| 090 |
_a4474991 _c4474991 |
||
| 100 | _a20041014d1993 |||y0rusy50 ca | ||
| 101 | 0 | _arus | |
| 102 | _aRU | ||
| 105 | _ay ||||||||| | ||
| 200 | 1 |
_aНганасанское лето _fЮ. Симченко |
|
| 210 |
_d1993 _aБ. м. |
||
| 461 | 0 |
_1001RU\NLR\INFOCOMM7\1000078370 _12001#$aРоссийский этнограф$eЭтнол. альманах$eАнтропология. Культурология. Социология$fРос. акад. наук, Ин-т этнологии и антропологии им. Н.Н.Миклухо-Маклая. Координац.-метод. центр прикл. этнографии. Центр рус. исслед.$v1993, №10 _94474976 _cМ. _d1993- _fРос. акад. наук, Ин-т этнологии и антропологии им. Н.Н. Миклухо-Маклая. Координац.-метод. центр прикл. этнографии. Центр рус. исслед. _oЭтнол. альманах : Антропология. Культурология. Социология _tРоссийский этнограф _x0868-586x _v1993, №10 |
|
| 700 | 1 |
_aСимченко _bЮ. _4070 |
|
| 801 | 1 |
_aRU _bInfoComm _c20041014 |
|
| 801 | 0 |
_aRU _bNLR _gPSBO |
|
| 852 |
_aNLR _jП22/6369 |
||
| 942 | _cISSUE | ||
| 980 | _aNB | ||
| 980 | _aRUSPER | ||